Visualizzazione normale
Vista MARC
- Zimmermann Bernd Alois
di Personal Name
Records bibliografici associati: 1
001 - CONTROL NUMBER
- control field: 15805
003 - CONTROL NUMBER IDENTIFIER
- control field: IT-RoPau
005 - DATE AND TIME OF LATEST TRANSACTION
- control field: 20140312105643.0
008 - FIXED-LENGTH DATA ELEMENTS
- fixed length control field: 140312|| aca||aabn | a|a d
040 ## - CATALOGING SOURCE
- Original cataloging agency: IT-RoPau
- Transcribing agency: IT-RoPau
100 ## - HEADING--PERSONAL NAME
- Personal name: Zimmermann Bernd Alois
- Dates associated with a name: Codice autore musica SPICS: 9931
- Relator term: Autore musica
- Name of part/section of a work: Dialoge, concerto per due pianoforti e orchestra - Sinfonie in Einem Satz per orchestra
670 ## - SOURCE DATA FOUND
- Source citation: Work cat.: (IT-RoPau)100898: Restagno Enzo 14371, Biennale musica 1985: Europa 50/80 generazioni a confronto-9